| 000 | 00397nam a2200157Ia 4500 | ||
|---|---|---|---|
| 008 | 221030s9999 xx 000 0 und d | ||
| 020 | _a8120316231 | ||
| 041 | _aEnglish | ||
| 082 |
_a105.23 _bRat |
||
| 100 | _aE. Rathakrishnan | ||
| 245 | 0 |
_aFundamentals of Engineering Thermodynamics _cby E. Rathakrishnan |
|
| 260 |
_bPHI _aIndia _c2000 |
||
| 300 | _a642 | ||
| 650 | _aMechanical | ||
| 942 | _cBK | ||
| 999 |
_c7048 _d7048 |
||